000 00340nam a2200145Ia 4500
008 230312s9999||||xx |||||||||||||| ||und||
020 _a9781119593935
082 _a006.754
_bHER-I
100 _aAlexander
245 0 _aEsports
260 _bWiley
_aUSA
_c2020
300 _a354
650 _aComputer
_vOnline social networks
942 _cBK
999 _c18148
_d18148